BIBLIOTECA

SENCICO

Proceso de anteproyecto de diseño interior / (Registro nro. 4496)

Detalles MARC
000 -LEADER
fixed length control field 01184nam a22002777a 4500
003 - CONTROL NUMBER IDENTIFIER
control field PE SENCICO BE
005 - DATE AND TIME OF LATEST TRANSACTION
control field 20251020182649.0
008 - FIXED-LENGTH DATA ELEMENTS--GENERAL INFORMATION
fixed length control field 240111b |||||||| |||| 00| 0 eng d
040 ## - CATALOGING SOURCE
Original cataloging agency PE SENCICO BE
Transcribing agency PE SENCICO BE
041 ## - LANGUAGE CODE
Language code of text/sound track or separate title spa
084 ## - OTHER CLASSIFICATION NUMBER
Classification number I
-- DIS
-- 2014
Item number E88
100 1# - MAIN ENTRY--PERSONAL NAME
9 (RLIN) 1866
Personal name Espinoza Granados, Merly Lili
Relator term autor
245 1# - TITLE STATEMENT
Title Proceso de anteproyecto de diseño interior /
Statement of responsibility, etc. Merly Lili Espinoza Granados
246 ## - VARYING FORM OF TITLE
Title proper/short title Propuesta de anteproyecto de diseño de salón de belleza
260 ## - PUBLICATION, DISTRIBUTION, ETC.
Place of publication, distribution, etc. Lima :
Date of publication, distribution, etc. 2014
300 ## - PHYSICAL DESCRIPTION
Extent 75 h. :
Other physical details il. col., diagrs. ;
Dimensions 30 cm.
500 ## - GENERAL NOTE
General note Texto en dos volúmenes. El volumen 2 contiene planos (30 x 40 cm.).
502 ## - DISSERTATION NOTE
Dissertation note Monografía de Titulación.-- Servicio Nacional de Capacitación para la Industria de la Construcción. Escuela Superior Técnica. Carrera Profesional Técnica en Diseño de Interiores, 2014
650 10 - SUBJECT ADDED ENTRY--TOPICAL TERM
9 (RLIN) 44
Topical term or geographic name entry element Diseño de interiores
650 20 - SUBJECT ADDED ENTRY--TOPICAL TERM
9 (RLIN) 9
Topical term or geographic name entry element Espacios interiores
650 20 - SUBJECT ADDED ENTRY--TOPICAL TERM
9 (RLIN) 1811
Topical term or geographic name entry element Percepción espacial
650 20 - SUBJECT ADDED ENTRY--TOPICAL TERM
9 (RLIN) 615
Topical term or geographic name entry element Planos
710 1# - ADDED ENTRY--CORPORATE NAME
Corporate name or jurisdiction name as entry element Servicio Nacional de Capacitación para la Industria de la Construcción.
Subordinate unit Escuela Superior Técnica
9 (RLIN) 1065
910 ## - USER-OPTION DATA (OCLC)
-- hfp
-- hfp
942 ## - ADDED ENTRY ELEMENTS (KOHA)
Koha item type Monografía de Titulación
Existencias
Fecha de la última vez que lo usaron Número de ingreso o de inventario Pago total Signatura topográfica completa Código de barras Precio efectivo desde Tipo de documento Estado perdido Estado dañado No es para préstamo Retirado Ubicación permanente Ubicación actual Fecha de adquisición
11/01/2024 I-00320   I/DIS/2014/E88/v. 1 BibLima24010034 11/01/2024 Monografía de Titulación         Biblioteca Central Lima Biblioteca Central Lima 11/01/2024
23/02/2024 I-00481   I/DIS/2014/E88/v. 2 BibLima24020407 23/02/2024 Monografía de Titulación         Biblioteca Central Lima Biblioteca Central Lima 23/02/2024